| 000 | 00000nam##2200000za#4500 |
| 001 | 9.625954 |
| 003 | CaOODSP |
| 005 | 20210615104248 |
| 007 | ta |
| 008 | 150406|2002||||xxc||||| f|0| 0 fre|d |
| 040 | |aCaOODSP|bfre |
| 043 | |an-cn--- |
| 086 | 1 |aNH18-22/102-101F |
| 110 | 2 |aSociété canadienne d'hypothèques et de logement. |
| 245 | 10|aLes tours d'habitation saines : guide pour la conception et la construction innovatrices d'immeubles résidentiels de grande hauteur |
| 260 | |aOttawa - Ontario : |bSociété canadienne d'hypothèques et de logement |c2002. |
| 300 | |a5p. : |bfigures ; |c28 cm. |
| 490 | 1 |aLe point en recherche. Série technique |v02-101 |
| 563 | |aDépliant |
| 590 | |a02-34|b2002-08-23 |
| 691 | 07|aÉdifice public|2gcpds |
| 691 | 07|aIndustrie de la construction|2gcpds |
| 691 | 07|aInnovation technologique|2gcpds |
| 691 | 07|aLogement|2gcpds |
| 775 | 08|tHealthy high-rise: a guide to innovation in the design and construction of high-rise residential buildings |w(CaOODSP)9.616004 |
| 776 | 0#|tLes tours d'habitation saines : |w(CaOODSP)9.602671 |
| 830 | #0|aLe point en recherche. Série technique ;|v02-101|w(CaOODSP)9.513179 |
| 986 | |a62877 |